LEADER 01117nam0-22004091i-450 001 990001689630403321 005 20250109123546.0 010 $a88-7675-498-9 035 $a000168963 035 $aFED01000168963 035 $a(Aleph)000168963FED01 035 $a000168963 100 $a20030910d1985----km-y0itay50------ba 101 0 $aita 200 1 $aRiproduzione animale$fA. M. Sorensen 210 $aPadova$cLiviana$dc1985 215 $aXIV, 575 p.$d24 cm 225 1 $aSpazio verde 454 0$12001$aAnimal reproduction$913669 610 0 $aAnimali$aRiproduzione 676 $a636.08982$v23$zita 700 1$aSorensen,$bAnton Marinus$f<1925-1980>$0354505 801 0$aIT$bUNINA$gRICA$2UNIMARC 901 $aBK 912 $a990001689630403321 952 $aQ 45$b3936$fDMVCC 952 $a618-34$b8$fDMVBF 952 $a636.08982 SOR1$b718$fFMVBC 952 $a60 636.082 SORA 1985$b565$fFAGBC 952 $aIV C 201$b9836$fDMVSF 959 $aFAGBC 959 $aFMVBC 959 $aDMVSF 959 $aDMVCC 959 $aDMVBF 996 $aAnimal reproduction$913669 997 $aUNINA